Missing Word: NES Games (A-Z) Quiz Stats

 Plays Quiz Updated Jul 22, 2018

Challenge
Share
Tweet
Embed
Score 0/26 Timer 03:00
1 Play Today
Hint Missing Word % Correct
Super _____ Bros.Mario
97.4%
_____ Mutant Ninja TurtlesTeenage
95.2%
The Legend of _____Zelda
93.6%
_____ of PersiaPrince
91.3%
_____ FantasyFinal
91.3%
The Hunt for Red _____October
90.9%
Duck _____Hunt
84.4%
Castlevania II: Simon's _____Quest
82%
Zelda II: The Adventure of _____Link
79.8%
Metal _____Gear
79.6%
The _____ Indiana Jones ChroniclesYoung
75.8%
Tecmo _____ BowlSuper
75.1%
_____ BobbleBubble
63.2%
Hint Missing Word % Correct
_____ ClimberIce
60.5%
_____ to SiliusJourney
60.1%
_____ IcarusKid
59.9%
_____ GaidenNinja
56.4%
Super Spike _____V'Ball
41.6%
The Uncanny _____X-Men
38.9%
Dragon _____Warrior
36.1%
Little Nemo: The _____ MasterDream
33.9%
Bionic _____Commando
31.9%
_____ City RansomRiver
31.8%
Rush'n _____Attack
26.7%
F-15 Strike _____Eagle
21.7%
_____ ChampionUrban
13.1%

Today's Daily Dose

Missing Word
Hayao Miyazaki

Word Ladder
Florida

On This Day
December 13th II

You're not logged in!

Compare scores with friends on all Sporcle quizzes.
OR
Log In

You Might Also Like...

Show Comments

Extras

Top Quizzes Today


Score Distribution

Your Account Isn't Verified!

In order to create a playlist on Sporcle, you need to verify the email address you used during registration. Go to your Sporcle Settings to finish the process.

Report this User

Report this user for behavior that violates our Community Guidelines.

Details: